学園アイドルマスターの作曲家 - Statistics

General Stats
  • This quiz has been taken 27 times
    18 since last reset
  • The average score is 8 of 55
Answer Stats
発売日 楽曲 作曲家 % Correct
2024/05/16 Fighting My Way Giga
76%
2024/05/16 原口沙輔
65%
2024/05/26 アイヴイ ツミキ
59%
2024/05/16 光景 長谷川白紙
53%
2024/05/16 世界一可愛い私 HoneyWorks
53%
2024/05/16 Luna say maybe 美波
47%
2024/05/16 白線 ナユタン星人
47%
2024/12/21 メクルメ フロクロ
41%
2024/09/30 仮装狂騒曲 FAKE TYPE.
41%
2024/06/10 Campus mode!! 田淵智也
35%
2024/06/01 The Rolling Riceball 佐藤貴文 (バンダイナムコスタジオ)
29%
2025/02/07 かちドキ 佐藤貴文
29%
2025/04/01 つよつよ最強エクササイズ 佐藤貴文 (Bandai Namco Studio Inc.)
29%
2025/02/06 ツキノカメ ミフメイ (Bandai Namco Studios Inc.)
29%
2024/08/15 Howling over the World 烏屋茶房
24%
2024/05/16 Tame-Lie-One-Step 東優太
18%
2024/07/22 コントラスト 佐々木恵梨
18%
2024/12/18 カクシタワタシ 東優太
18%
2024/11/15 小さな野望 椎名豪
12%
2025/02/01 ハッピーミルフィーユ 岩見陸
12%
2024/05/16 Fluorite MoeShop
12%
2024/05/16 clumsy trick 渡辺翔
6%
2024/10/29 古今東西ちょちょいのちょい 大澤めい (バンダイナムコスタジオ)
6%
2024/06/03 叶えたい、ことばかり 田中透真 (Dream Monster)
6%
2024/07/24 Wake up!! 田中透真 (Dream Monster)
6%
2025/04/02 Try it now Kijibato (Dream Monster)
6%
2024/10/18 L.U.V 諭吉佳作/men
6%
2024/06/10 Yellow Big Bang! 瀬尾祥太郎 (MONACA)
6%
2024/08/01 冠菊 河原レオ (Rebrast)
6%
2025/02/28 雪解けに 河原レオ (Rebrast)
6%
2024/05/16 Wonder Scale 兼松衆
0%
2024/07/22 コントラスト 中村ヒロ
0%
2025/02/07 ENDLESS DANCE 首藤義勝
0%
2025/03/05 marble heart 須藤幽玄
0%
2025/04/01 つよつよ最強エクササイズ 坪井リヒト (Bandai Namco Studio Inc.)
0%
2025/02/07 かちドキ 大澤めい (Bandai Namco Studios Inc.)
0%
2024/09/20 Feel Jewel Dream DÉDÉMOUSE
0%
2024/08/01 憧れをいっぱい 高木龍一 (Dream Monster)
0%
2024/08/22 日々、発見的ステップ! 椿山日南子 (Dream Monster)
0%
2025/02/06 たいせつなもの フワリ (Dream Monster)
0%
2024/06/20 Boom Boom Pow ERECA
0%
2024/11/28 White Night! White Wish! 佐藤純一(fhána)
0%
2024/07/01 キミとセミブルー 光増ハジメ (FirstCall)
0%
2024/06/20 Boom Boom Pow KENTZ
0%
2024/08/08 がむしゃらに行こう! Mitsu.J (Digz, Inc. Group)
0%
2024/12/07 Cosmetic MOMONADY
0%
2024/08/01 冠菊 早川博隆 (Rebrast)
0%
2024/11/11 Ride on Beat 田中龍志 (Rebrast)
0%
2024/11/11 Ride on Beat 柿迫ヒカル (Rebrast)
0%
2024/11/11 Ride on Beat 早川博隆 (Rebrast)
0%
2024/08/08 がむしゃらに行こう! SHOW (Digz, Inc. Group)
0%
2025/01/18 Sweet Magic SHOW (Digz, Inc. Group)
0%
2025/04/01 桜フォトグラフ 春川仁志 (sixth floor)
0%
2024/08/23 ミラクルナナウ(゚∀゚)! YUC'e
0%
2024/12/07 Cosmetic YUKI FUNAKOSHI (Digz, Inc. Group)
0%
No matching quizzes found
Score Distribution
Percent of People with Each Score
Percentile by Number Answered
Your Score History
You have not taken this quiz since the last reset